<?xml version="1.0" encoding="UTF-8"?>
<record
    xmlns:xsi="http://www.w3.org/2001/XMLSchema-instance"
    xsi:schemaLocation="http://www.loc.gov/MARC21/slim http://www.loc.gov/standards/marcxml/schema/MARC21slim.xsd"
    xmlns="http://www.loc.gov/MARC21/slim">

  <leader>00734nam a22002537a 4500</leader>
  <controlfield tag="003">UA-OsUOA</controlfield>
  <controlfield tag="001"> 31902 </controlfield>
  <controlfield tag="007">ta</controlfield>
  <controlfield tag="008">20050114b un ||||| |||| 00| 0 ukr d</controlfield>
  <datafield tag="100" ind1=" " ind2=" ">
    <subfield code="a">&#x41A;&#x443;&#x440;&#x43E;&#x43F;&#x430;&#x441;&#x44C; &#x41C;&#x438;&#x440;&#x43E;&#x43D;</subfield>
  </datafield>
  <datafield tag="090" ind1=" " ind2=" ">
    <subfield code="a">94(477)15</subfield>
    <subfield code="b">&#x41A;93</subfield>
  </datafield>
  <datafield tag="942" ind1=" " ind2=" ">
    <subfield code="c">BK</subfield>
  </datafield>
  <datafield tag="040" ind1=" " ind2=" ">
    <subfield code="a">UA-OsUOA</subfield>
    <subfield code="b">ukr</subfield>
    <subfield code="c">UA-OsUOA</subfield>
    <subfield code="d">UA-OsUOA</subfield>
  </datafield>
  <datafield tag="245" ind1=" " ind2=" ">
    <subfield code="a">&#x423;&#x43A;&#x440;&#x430;&#x457;&#x43D;&#x441;&#x44C;&#x43A;&#x43E;-&#x430;&#x43C;&#x435;&#x440;&#x438;&#x43A;&#x430;&#x43D;&#x441;&#x44C;&#x43A;&#x430; &#x442;&#x432;&#x435;&#x440;&#x434;&#x438;&#x43D;&#x44F;. &#x41F;&#x435;&#x440;&#x448;&#x456; &#x441;&#x442;&#x43E; &#x440;&#x43E;&#x43A;&#x456;&#x432; &#x423;&#x43A;&#x440;&#x430;&#x457;&#x43D;&#x441;&#x44C;&#x43A;&#x43E;&#x433;&#x43E; &#x41D;&#x430;&#x440;&#x43E;&#x434;&#x43D;&#x43E;&#x433;&#x43E; &#x421;&#x43E;&#x44E;&#x437;&#x443;</subfield>
  </datafield>
  <datafield tag="300" ind1=" " ind2=" ">
    <subfield code="a">682 &#x441;.</subfield>
  </datafield>
  <datafield tag="955" ind1=" " ind2=" ">
    <subfield code="a">0</subfield>
  </datafield>
  <datafield tag="041" ind1=" " ind2=" ">
    <subfield code="a">ukr</subfield>
  </datafield>
  <datafield tag="080" ind1=" " ind2=" ">
    <subfield code="a">94(477)15</subfield>
  </datafield>
  <datafield tag="020" ind1=" " ind2=" ">
    <subfield code="a">966-7631-77-&#x425;</subfield>
  </datafield>
  <datafield tag="260" ind1=" " ind2=" ">
    <subfield code="a">&#x41E;&#x441;&#x442;&#x440;&#x43E;&#x433;</subfield>
    <subfield code="b">&#x412;&#x438;&#x434;. "&#x41E;&#x441;&#x442;&#x440;&#x43E;&#x437;&#x44C;&#x43A;&#x430; &#x430;&#x43A;&#x434;&#x435;&#x43C;&#x456;&#x44F;"</subfield>
    <subfield code="c">2004</subfield>
  </datafield>
  <datafield tag="044" ind1=" " ind2=" ">
    <subfield code="a">UA</subfield>
  </datafield>
  <datafield tag="650" ind1=" " ind2="7">
    <subfield code="2">UDC</subfield>
  </datafield>
  <datafield tag="999" ind1=" " ind2=" ">
    <subfield code="c">318337</subfield>
    <subfield code="d">318337</subfield>
  </datafield>
  <datafield tag="952" ind1=" " ind2=" ">
    <subfield code="0">0</subfield>
    <subfield code="1">0</subfield>
    <subfield code="2">udc</subfield>
    <subfield code="4">0</subfield>
    <subfield code="7">0</subfield>
    <subfield code="a">101</subfield>
    <subfield code="b">101</subfield>
    <subfield code="d">2005-01-14</subfield>
    <subfield code="g">35.99</subfield>
    <subfield code="i">82598</subfield>
    <subfield code="l">1</subfield>
    <subfield code="o">94(477)15 &#x41A;93</subfield>
    <subfield code="p">82598</subfield>
    <subfield code="q">2019-10-23</subfield>
    <subfield code="r">2019-07-25 00:00:00</subfield>
    <subfield code="s">2019-07-25</subfield>
    <subfield code="w">2005-01-14</subfield>
    <subfield code="y">BK</subfield>
  </datafield>
  <datafield tag="952" ind1=" " ind2=" ">
    <subfield code="0">0</subfield>
    <subfield code="1">0</subfield>
    <subfield code="2">udc</subfield>
    <subfield code="4">0</subfield>
    <subfield code="7">0</subfield>
    <subfield code="a">101</subfield>
    <subfield code="b">101</subfield>
    <subfield code="d">2005-01-14</subfield>
    <subfield code="g">51.35</subfield>
    <subfield code="i">82599</subfield>
    <subfield code="l">0</subfield>
    <subfield code="o">94(477)15 &#x41A;93</subfield>
    <subfield code="p">82599</subfield>
    <subfield code="r">2022-01-27 00:00:00</subfield>
    <subfield code="w">2005-01-14</subfield>
    <subfield code="y">BK</subfield>
  </datafield>
  <datafield tag="952" ind1=" " ind2=" ">
    <subfield code="0">0</subfield>
    <subfield code="1">0</subfield>
    <subfield code="2">udc</subfield>
    <subfield code="4">0</subfield>
    <subfield code="7">0</subfield>
    <subfield code="a">101</subfield>
    <subfield code="b">101</subfield>
    <subfield code="d">2005-01-14</subfield>
    <subfield code="g">114.37</subfield>
    <subfield code="i">82600</subfield>
    <subfield code="l">0</subfield>
    <subfield code="o">94(477)15 &#x41A;93</subfield>
    <subfield code="p">82600</subfield>
    <subfield code="r">2022-02-06 00:00:00</subfield>
    <subfield code="w">2005-01-14</subfield>
    <subfield code="y">BK</subfield>
  </datafield>
  <datafield tag="952" ind1=" " ind2=" ">
    <subfield code="0">0</subfield>
    <subfield code="1">0</subfield>
    <subfield code="2">udc</subfield>
    <subfield code="4">0</subfield>
    <subfield code="7">0</subfield>
    <subfield code="a">102</subfield>
    <subfield code="b">102</subfield>
    <subfield code="d">2005-01-14</subfield>
    <subfield code="g">35.99</subfield>
    <subfield code="i">82608</subfield>
    <subfield code="l">0</subfield>
    <subfield code="o">94(477)15 &#x41A;93</subfield>
    <subfield code="p">82608</subfield>
    <subfield code="r">2022-02-07 00:00:00</subfield>
    <subfield code="w">2005-01-14</subfield>
    <subfield code="y">BK</subfield>
  </datafield>
</record>
